[Event "Lipetsk Region-ch Rural"]
[Site "Lipetsk"]
[Date "2008.03.12"]
[Round "2"]
[White "Dvurechenskij, Vladimir"]
[Black "Kondratov, Valeri"]
[Result "1-0"]
[WhiteElo "2117"]
[BlackElo "1923"]
[PlyCount "99"]
[EventDate "2008.03.11"]
[EventType "swiss"]
[EventRounds "9"]
[EventCountry "RUS"]
[SourceTitle "EXT 2022"]
[Source "ChessBase"]
[SourceDate "2021.10.06"]
[SourceVersion "1"]
[SourceVersionDate "2021.10.06"]
[SourceQuality "1"]

1. e4 c5 2. Nf3 Nc6 3. Bb5 d6 4. c3 Bd7 5. 0-0 a6 6. Ba4 Bg4 7. d3 e6 8. Be3 Be7 9. Nbd2 b5 10. Bc2 Nf6 11. h3 Bh5 12. Qe1 h6 13. Nh2 g5 14. a4 b4 15. d4 g4 16. hxg4 Bxg4 17. a5 Bh5 18. Ba4 Qc7 19. cxb4 Kf8 20. Bxc6 Qxc6 21. bxc5 dxc5 22. dxc5 Rd8 23. b4 Kg7 24. f3 Bg6 25. Qe2 Nh5 26. Qf2 Rd3 27. Ng4 f6 28. Nc4 Qc7 29. Rfd1 Rhd8 30. Rxd3 Rxd3 31. Bxh6+ Kh7 32. Be3 Qd8 33. Nb2 Rb3 34. Rd1 Qc8 35. Qd2 Be8 36. Nc4 Qb8 37. e5 f5 38. Nf6+ Nxf6 39. exf6 Bxf6 40. Qd6 Rxb4 41. Qxe6 Bg7 42. Kf2 Qh2 43. Qxe8 Rxc4 44. Qe7 Rc2+ 45. Rd2 Rxd2+ 46. Bxd2 Kg6 47. Qg5+ Kf7 48. Qxf5+ Kg8 49. Qe6+ Kf8 50. Qd6+ 1-0

[Event "Lipetsk Region-ch"]
[Site "Lipetsk"]
[Date "2007.11.23"]
[Round "7"]
[White "Dvurechenskij, Vladimir"]
[Black "Chaban, Alexander"]
[Result "0-1"]
[WhiteElo "2158"]
[BlackElo "2080"]
[PlyCount "62"]
[EventDate "2007.11.18"]
[EventType "swiss"]
[EventRounds "9"]
[EventCountry "RUS"]
[SourceTitle "CBM 121 Extra"]
[Source "ChessBase"]
[SourceDate "2008.01.10"]
[SourceVersion "1"]
[SourceVersionDate "2008.01.10"]
[SourceQuality "1"]

1. e4 c5 2. Nf3 Nc6 3. d4 cxd4 4. Nxd4 Nf6 5. Nxc6 bxc6 6. e5 Qa5+ 7. Nc3 Qxe5+ 8. Be2 d5 9. 0-0 Qc7 10. Bg5 e5 11. Bxf6 gxf6 12. a3 Bg7 13. Bg4 f5 14. Bh3 0-0 15. Na4 e4 16. Rb1 d4 17. b4 a5 18. Nc5 axb4 19. axb4 Be6 20. Qh5 Qe5 21. Rb3 e3 22. fxe3 dxe3 23. Rbb1 h6 24. Nd3 Qd4 25. Qe2 Ra2 26. Bxf5 Bxf5 27. Rxf5 Qc3 28. Rc5 Qd2 29. Qxd2 exd2 30. Kf1 Re8 31. Rxc6 Ra1 0-1

[Event "Lipetsk Region-ch"]
[Site "Lipetsk"]
[Date "2007.11.21"]
[Round "5"]
[White "Barbashin, Igor"]
[Black "Dvurechenskij, Vladimir"]
[Result "1-0"]
[WhiteElo "2272"]
[BlackElo "2158"]
[PlyCount "147"]
[EventDate "2007.11.18"]
[EventType "swiss"]
[EventRounds "9"]
[EventCountry "RUS"]
[SourceTitle "CBM 121 Extra"]
[Source "ChessBase"]
[SourceDate "2008.01.10"]
[SourceVersion "1"]
[SourceVersionDate "2008.01.10"]
[SourceQuality "1"]

1. d4 Nf6 2. c4 e6 3. Nc3 Bb4 4. Nf3 c5 5. g3 Nc6 6. Bg2 Ne4 7. Qd3 f5 8. 0-0 Bxc3 9. bxc3 0-0 10. Nd2 d5 11. cxd5 exd5 12. dxc5 Be6 13. Nb3 Qf6 14. Nd4 Ne5 15. Qb5 Nc4 16. Bxe4 fxe4 17. Qxb7 Bf7 18. Bf4 g5 19. Bc7 Rae8 20. Qc6 Qxc6 21. Nxc6 Bh5 22. Rfd1 Rf7 23. Bd6 Bxe2 24. Rxd5 h6 25. Rb1 e3 26. fxe3 Bf3 27. Rd4 Bxc6 28. Rxc4 Rxe3 29. Rcb4 Re2 30. R4b2 Rff2 31. Rxe2 Rxe2 32. Rb8+ Kg7 33. Rc8 Bd5 34. c6 Be6 35. Rd8 Bh3 36. c7 Rg2+ 37. Kf1 Rxa2+ 38. Ke1 Rxh2 39. c8Q Bxc8 40. Rxc8 Kf7 41. Bc5 a5 42. Rf8+ Ke6 43. Bf2 Rh1+ 44. Ke2 h5 45. Ra8 Ra1 46. Kf3 Kd5 47. Rc8 h4 48. Rc5+ Kd6 49. Rxg5 hxg3 50. Bxg3+ Kc6 51. Bf2 a4 52. Ra5 a3 53. Ke2 a2 54. Be3 Kd6 55. Bd2 Kc6 56. Kd3 Kb6 57. Ra3 Kb5 58. Kc2 Kc4 59. Bc1 Kb5 60. Bb2 Rh1 61. Kb3 Rh2 62. Rxa2 Rh4 63. Ra8 Kc6 64. c4 Kb6 65. Kb4 Kc6 66. Rg8 Rh5 67. Rg6+ Kb7 68. c5 Kc7 69. Kc4 Rh4+ 70. Bd4 Rh5 71. Kb5 Rf5 72. Rg7+ Kc8 73. Kc6 Rf8 74. Rh7 1-0